Painting the effects of weather

Bibliographic Details
Main Author: Seligman, Patricia
Format: Book
Published: Ciricinnati,Ohio : North light Books , 1992
Subjects:

MARC

LEADER 00000cam a2200000 7i4500
001 0000004451
002 000004788
005 20140723.0
020 |a 0891344861 
090 0 0 |a 750   |b SEL 
100 1 |a Seligman, Patricia 
245 1 0 |a Painting the effects of weather   |c Patricia Seligman 
260 |a Ciricinnati,Ohio :   |b North light Books ,   |c 1992 
300 |a 144p. :   |b illus ;   |c 28cm. 
650 0 0 |a Landscape painting 
650 0 0 |a Nature (Aesthetics) 
650 0 0 |a Painting, effects of weather 
650 0 0 |a Painting, Modern   |x Themes(Aesthetics) 
999 |a 030864   |b BUKU   |c PINJAMAN   |e PERPUSTAKAAN KOMUNITI PETALING JAYA